| 000 | 00587nam a22002057a 4500 | ||
|---|---|---|---|
| 003 | OSt | ||
| 005 | 20170105103440.0 | ||
| 008 | 120419t xxu||||| |||| 00| 0 eng d | ||
| 020 | _a0815335776 | ||
| 040 |
_aASAB library. _cASAB |
||
| 082 | _a571.6,WIL | ||
| 100 |
_aMolecular Biology of THE CELL A problems approach _974 |
||
| 245 |
_aMolecular Biology of the Cell _bA problems Approach _cJohn Wilson and Tim Hunt |
||
| 250 | _a4th Ed | ||
| 300 | _a711 Pages | ||
| 440 |
_a Molecular Biology The Cell _975 |
||
| 600 |
_aJohn Wilson _976 |
||
| 650 |
_2The Cell _977 |
||
| 942 |
_2lcc _cBK |
||
| 999 |
_c16451 _d16451 |
||